000 00907nam a22002897a 4500
001 9935
003 FISKH
005 20260317132200.0
008 260317b cb ||||| |||| 00| 0 eng d
020 _a9781563054419
040 _aFISKH
_beng
_cFISKH
_dFISKH
050 _aPZ8.3 .B7 .O
082 _a428.1
100 _aBoynton, Sandra
_eAuthor
245 _aOh my oh my oh dinosaurs! /
_cBy Sandra Boynton
260 _aNew York :
_bWorkman Publishing Company Inc. ,
_c1993
300 _a21 unnumbered pages :
_bcolor illustrations ;
_c16 cm
490 _aBoynton on board :
505 _aE
520 _aDinosaurs engage in such activities as sunbathing and creating art. On board pages with a die-cut cover.
521 8 _a200
_bLexile estimate
521 8 _aE
_bRaz-Plus
650 _aDinosaurs
_vFeeling
650 _aChildren's
_vBoard book
942 _2ddc
_cBK
_n0
999 _c9935
_d9935